Annual report 2004 Slovak Insurance Association
Enregistré dans:
| Format: | Livre |
|---|---|
| Langue: | slovaque |
| Publié: |
Bratislava
Slovak Insurance Association
2005
|
| Sujets: | |
| Tags: |
Pas de tags, Soyez le premier à ajouter un tag!
|
MARC
| LEADER | 00000nam$a2200000$$$4500 | ||
|---|---|---|---|
| 001 | 0036109 | ||
| 005 | 20240318125513.2 | ||
| 041 | 0 | |a slo | |
| 044 | |a SK | ||
| 245 | 1 | 0 | |a Annual report 2004 |b Slovak Insurance Association |
| 264 | 1 | |a Bratislava |b Slovak Insurance Association |c 2005 | |
| 300 | |a 60 s. | ||
| 610 | 2 | 0 | |a poisťovne |
| 610 | 2 | 0 | |a poisťovníctvo |
| 610 | 2 | 0 | |a trh poistný |
| 610 | 2 | 0 | |a štruktúra organizačná |
| 610 | 2 | 0 | |a Slovensko |